MARC details
| 001 - CONTROL NUMBER |
| control field |
23941322 |
| 003 - CONTROL NUMBER IDENTIFIER |
| control field |
0000 |
| 005 - DATE AND TIME OF LATEST TRANSACTION |
| control field |
20251017105844.0 |
| 006 - FIXED-LENGTH DATA ELEMENTS--ADDITIONAL MATERIAL CHARACTERISTICS--GENERAL INFORMATION |
| fixed length control field |
m |o d | |
| 007 - PHYSICAL DESCRIPTION FIXED FIELD--GENERAL INFORMATION |
| fixed length control field |
cr_||||||||||| |
| 008 - FIXED-LENGTH DATA ELEMENTS--GENERAL INFORMATION |
| fixed length control field |
240617s2025 flu ob 001 0 eng |
| 010 ## - LIBRARY OF CONGRESS CONTROL NUMBER |
| LC control number |
2024026814 |
| 020 ## - INTERNATIONAL STANDARD BOOK NUMBER |
| International Standard Book Number |
9781040225271 |
| 020 ## - INTERNATIONAL STANDARD BOOK NUMBER |
| International Standard Book Number |
9781032735542 |
| 035 ## - SYSTEM CONTROL NUMBER |
| System control number |
23941322 |
| 040 ## - CATALOGING SOURCE |
| Original cataloging agency |
DLC |
| Language of cataloging |
eng |
| Transcribing agency |
DLC |
| Description conventions |
rda |
| Modifying agency |
DLC |
| 042 ## - AUTHENTICATION CODE |
| Authentication code |
pcc |
| 050 00 - LIBRARY OF CONGRESS CALL NUMBER |
| Classification number |
RC 683.5.E5 .H68 |
| 060 00 - NATIONAL LIBRARY OF MEDICINE CALL NUMBER |
| Classification number |
WG 18.2 |
| 082 00 - DEWEY DECIMAL CLASSIFICATION NUMBER |
| Classification number |
616.1/207547 |
| Edition number |
23/eng/20241204 |
| 100 1# - MAIN ENTRY--PERSONAL NAME |
| Personal name |
Houghton Andrew R |
| Relator term |
author. |
| 245 10 - TITLE STATEMENT |
| Title |
Making sense of the ECG : |
| Remainder of title |
cases for self assessment / |
| 246 1# - VARYING FORM OF TITLE |
| Title proper/short title |
Making sense of the electrocardiogram |
| 250 ## - EDITION STATEMENT |
| Edition statement |
Third edition. |
| 264 #1 - PUBLICATION, DISTRIBUTION, ETC. (IMPRINT) |
| Place of publication, distribution, etc |
Boca Raton, FL : |
| Name of publisher, distributor, etc |
CRC Press, |
| Date of publication, distribution, etc |
2025. |
| 300 ## - PHYSICAL DESCRIPTION |
| Extent |
xvii, 182p. |
| Other physical details |
ill. |
| 336 ## - CONTENT TYPE |
| Content type term |
text |
| Content type code |
txt |
| Source |
rdacontent |
| 337 ## - MEDIA TYPE |
| Media type term |
computer |
| Media type code |
c |
| Source |
rdamedia |
| 338 ## - CARRIER TYPE |
| Carrier type term |
online resource |
| Carrier type code |
cr |
| Source |
rdacarrier |
| 490 1# - SERIES STATEMENT |
| Series statement |
Making sense of |
| 500 ## - GENERAL NOTE |
| General note |
Complemented by: Making sense of the ECG : a hands-on guide / Andrew Houghton. Sixth edition. 2025. |
| 504 ## - BIBLIOGRAPHY, ETC. NOTE |
| Bibliography, etc |
Includes bibliographical references and index. |
| 520 ## - SUMMARY, ETC. |
| Summary, etc |
"Reading an ECG correctly and working out what to do next is an invaluable skill for any doctor, nurse or paramedic when evaluating the condition of a patient. Making Sense of the ECG: Cases for Self-Assessment helps students and more experienced healthcare practitioners to consolidate their knowledge of ECG interpretation through real-life scenarios. The patients' history, examination and initial investigations are presented along with questions on the ECG interpretation, allowing readers to assess their ability to interpret ECGs accurately, perform differential diagnosis, and decide upon the most appropriate clinical management in each situation. Detailed explanatory answers respond to the questions posed, as well as providing practical clinical guidance and essential revision support. Used alongside the popular textbook Making Sense of the ECG 6E, or independently, as a vital tool to consolidate knowledge and prepare for clinical practice, this latest third edition has been fully updated in line with the latest management guidelines and features a new appendix listing the key diagnosis in each ECG, making it easier to locate topics for revision"-- |
| Assigning source |
Provided by publisher. |
| 588 ## - SOURCE OF DESCRIPTION NOTE |
| Source of description note |
Description based on print version record and CIP data provided by publisher. |
| 650 12 - SUBJECT ADDED ENTRY--TOPICAL TERM |
| Topical term or geographic name as entry element |
Electrocardiography |
| 650 22 - SUBJECT ADDED ENTRY--TOPICAL TERM |
| Topical term or geographic name as entry element |
Heart Diseases |
| General subdivision |
diagnosis |
| 655 #2 - INDEX TERM--GENRE/FORM |
| Genre/form data or focus term |
Case Reports |
| 655 #2 - INDEX TERM--GENRE/FORM |
| Genre/form data or focus term |
Problems and Exercises |
| 700 1# - ADDED ENTRY--PERSONAL NAME |
| Relationship information |
Complemented by (work): |
| Personal name |
Houghton, Andrew R. |
| Title of a work |
Making sense of the ECG. |
| Version |
Sixth edition. |
| 776 08 - ADDITIONAL PHYSICAL FORM ENTRY |
| Relationship information |
Print version: |
| Main entry heading |
Houghton, Andrew R. |
| Title |
Making sense of the ECG |
| Edition |
Third edition. |
| Place, publisher, and date of publication |
Boca Raton, FL : CRC Press, 2025 |
| International Standard Book Number |
9781032750576 |
| Record control number |
(DLC) 2024026813 |
| 830 #0 - SERIES ADDED ENTRY--UNIFORM TITLE |
| Uniform title |
Making sense (Boca Raton, Fla.) |
| 906 ## - LOCAL DATA ELEMENT F, LDF (RLIN) |
| a |
7 |
| b |
cbc |
| c |
orignew |
| d |
1 |
| e |
ecip |
| f |
20 |
| g |
y-gencatlg |
| 942 ## - ADDED ENTRY ELEMENTS (KOHA) |
| Source of classification or shelving scheme |
Library of Congress Classification |
| Koha item type |
Books |